Sin Buda no podría ser cristiano /
Guardado en:
| Autor principal: | |
|---|---|
| Otros autores: | , , |
| Formato: | Libro |
| Idioma: | Español |
| Publicado: |
Barcelona, España :
Fragmenta,
2016, c2016
|
| Colección: | (Fragmentos ;
35) |
| Temas: | |
| Etiquetas: |
Sin etiquetas, Sé el primero en etiquetar este registro!
|
MARC
| LEADER | 00000nam^a2200000^a^4500 | ||
|---|---|---|---|
| 001 | 000399988 | ||
| 005 | 20250521000000.0 | ||
| 009 | 20260310121606.63 | ||
| 020 | |a 978-84-15518-27-3 | ||
| 037 | |a Acervo ITESO - Biblioteca | ||
| 041 | |a ESP | ||
| 082 | |a 200. 7 |b FRA V. 35 | ||
| 100 | |a Knitter, Paul F. |e (autor) | ||
| 245 | 1 | 0 | |a Sin Buda no podría ser cristiano / |c P.F. Knitter ; tr. por M.C. Vesga de Olsson, A. Moliner, C. Ros. |
| 264 | 4 | |a Barcelona, España : |b Fragmenta, |c 2016, c2016 | |
| 300 | |a 410 p. | ||
| 336 | |a texto |b txt |2 rdacontenido | ||
| 337 | |a sin mediación |b n |2 rdamedio | ||
| 338 | |a volumen |b nc |2 rdasoporte | ||
| 440 | 1 | |a (Fragmentos ; |v 35) | |
| 500 | |a Traducción de: Without Buddha I Could Not Be a Christian | ||
| 521 | |a FIL 2017 EEnlace Centro Universitario Ignaciano | ||
| 649 | |a XX | ||
| 650 | |a Fe | ||
| 650 | |a Creencias - |x Tema Principal | ||
| 650 | |a Vida Espiritual - |x Tema Principal | ||
| 650 | |a Teología | ||
| 650 | |a Budismo - |x Tema Principal | ||
| 650 | |a Filosofía Hindú | ||
| 650 | |a Filosofías Orientales | ||
| 650 | |a Cristianismo - |x Tema Principal | ||
| 650 | |a Religión Comparada | ||
| 700 | |a Vesga de Olsson, Martha Cecilia |e (traducción) | ||
| 700 | |a Moliner, Albert |e (traducción) | ||
| 700 | |a Ros, Carla |e (traducción) | ||
| 910 | |a Fondo General | ||
| 920 | |a Impresos - Libros | ||
| 930 | |a Colección General | ||
| 905 | |a 101 | ||
| 901 | |a 0500295256 |b IT1 |c ACC |i c158433 |u 20250521 | ||
| 902 | |a https://opac.biblio.iteso.mx/vufind/Record/000399988 | ||